000 01194cam a22001814a 4500
005 20250605164348.0
008 250528s ||||||||||||||||||||||||d
035 _a23966
040 _aGR-AtMCL
_bgre
_dGR-AtMCL
_eAACR2
245 1 _aΤο Αποτελεσματικό Personalization πρέπει να Καλύπτει Όλα τα Κανάλια Επικοινωνίας / Γιώργος Μοιρώτσος Contact Pigeon
260 _c2017
520 _aTo Personalization είναι για τις Μικρές Εταιρείες που Θέλουν να Γίνουν 'The Next Big Thing', Η Συνδεσιμότητα ως Κύριο Στοιχείο του Εργασιακού Χώρου του Μέλλοντος, Εργαζόμαστε Συνεχώς για την Βελτίωση της Εμπειρίας των Οπαδών μας, Με Στόχο τη Διαφάνεια στην Online Διαφήμιση, Η Ποιότητα πρέπει να Πληρώνεται για να Εξακολουθήσε να Υπάρχει.
700 1 _aΜπούσιας Μιχάλης Κ
_99357
942 _cCR
710 2 _aThe Marketing Week
_99825
999 _c8877
_d8877